Previerka na výbornú Ako sa zrodil v nitrianskom Elitexe nový stroj

Bibliographic Details
Main Author: Marček, Marián (Author)
Format: Article
Language:Slovak
PhysicalDescription:Obr. 2.
Subjects:

MARC

LEADER 00000nab a2200000 a 4500
001 vtls000153767
003 SK-MaSNL
005 20260304235824.0
008 111104c1983 xo 0 slo
015 |a SNBRB19rr/mm-uuuuu 
035 |a CL0163874 
040 |a SNKBUCL  |b slo  |c SNKBUCL  |e AACR2 
041 0 |a slo 
044 |a xo  |c SK 
080 |a 62:677.05  |2 1981 
080 |a 677.05  |2 1981 
100 1 |a Marček, Marián  |4 aut  |9 1550897 
245 1 0 |a Previerka na výbornú  |b Ako sa zrodil v nitrianskom Elitexe nový stroj  |c Marián Marček 
300 |b Obr. 2. 
650 0 7 |a strojárstvo  |2 snkbucl  |9 674 
650 0 7 |a Elitex, n.p., Nitra  |2 snkbucl  |9 1008314 
650 0 7 |a textilné stroje  |2 snkbucl  |9 112768 
651 7 |a 5206  |2 snkbucl  |9 283253 
655 7 |a články z novín a časopisov  |2 snkbucl  |9 267496 
773 0 |t Nedeľná Pravda  |g Roč. 16, č. 32 (1983), s. 3 
850 |a Slovenská národná knižnica v Martine  |a MTA001 
852 |a SNK  |b KIS3GCP 
958 |a RK 
992 |a RBX 
999 |c 3210719  |d 3212649